Games of thrones - Maisons - Niveau moyen - Statistiques

Statistiques générales
  • Ce quiz a été pris 28 fois
  • Le résultat moyen est 5 sur 16
Statistiques - réponses
Par images Réponse % Correct
Mormont
100%
Clegane
71%
Baelish
62%
Dayne
52%
Karstark
43%
Glover
38%
Bracken
33%
Royce
29%
Tarth
29%
Nerbosc
19%
Reed
19%
Reyne
19%
Sombrelyn
14%
Cendregué
10%
Bar Emmon
5%
Ryswell
5%
Aucun quiz correspondant
Distribution des résultats
% des personnes avec chaque résultat
Percentile par nombre de réponses
Votre historique - résultats
Vous n’avez pas pris ce quiz